|
|
|
|
| LEADER |
00888pam a22002418a 4500 |
| 001 |
00021112 |
| 005 |
20171026081023.0 |
| 008 |
110522s2003 ||||||Viesd |
| 041 |
0 |
# |
|a Vie
|
| 082 |
1 |
4 |
|a 801
|b V118H
|
| 100 |
0 |
# |
|a ILin.I.P
|
| 245 |
0 |
0 |
|a Văn hậu hiện đại thế giới
|b Những vấn đề lý thuyết
|c I.P.Ilin, Charles Jenchs; Phương Lựu
|
| 260 |
# |
# |
|a [ KĐ]
|b Hội nhà văn tác phẩm văn học Nguyễn Đông Tây
|c 2003
|
| 300 |
# |
# |
|a 197 tr.
|c 21 cm.
|
| 650 |
# |
4 |
|a Nghiên cứu văn học
|
| 653 |
# |
# |
|a Thế giới
|
| 653 |
# |
# |
|a Văn học hậu hiện đại
|
| 700 |
0 |
# |
|a Charles Jenchs
|
| 700 |
0 |
# |
|a Phương Lựu
|e Dịch
|
| 852 |
# |
# |
|b Kho đọc
|j KD.0006438
|
| 852 |
# |
# |
|j KD.0006438
|
| 910 |
|
|
|d 22/05/2011
|
| 980 |
# |
# |
|a Trung tâm Học liệu Lê Vũ Hùng, Trường Đại học Đồng Tháp
|